00921nam a22002537a 45000050016000000080041000160100015000570200023000720200026000950350013001210370015001340400013001491000028001622450106001902600046002962700066003423000031004085000040004397000010004797000010004899420017004999990017005169520134005332013011101481.0130111t xxu||||| |||| 00| 0 eng d aENG-106547 a0198092326c850.00 a9780198092322c850.00 aEN-90080 bDBAD / PUB aDPLbENG 91433aBhalla, Surjit S. aDevaluing to prosperity :cby Surjit S. Bhallabmisaligned currencies and their growth consequences / aNew Delhi bOxford University Pressc2013 aYMCA Library Building, 1 Jai Singh Road, bNew Delhi e110001 axviii, 263 p. :c22cm(Hb)  aIncludes bibliographical references 954724 954727 2ddccENmBHA c72895d72895 00102ddc40708NFICaDBADbDBADd2013-01-11eDBAD/PUBg850.00l0oBHApEN-90080r2013-01-11 00:00:00t1v850.00w2013-01-11yEN